|
|
|
|
| LEADER |
00000cam a2200000 7i4500 |
| 001 |
0000002236 |
| 005 |
20040225.0 |
| 020 |
0 |
0 |
|a 9834065345
|
| 090 |
0 |
0 |
|a JPSM363.6809595110
|b WON 2002
|
| 100 |
1 |
0 |
|a WONG
|h S. L.
|
| 245 |
1 |
0 |
|a Pearl of Perlis :
|b Perlis state park guide
|c edited by Kasim Osman, Rahimatsah Amat & Surin Suksuwan
|
| 260 |
0 |
0 |
|a Kangar, Perlis :
|b Jabatan Perhutanan Negeri Perlis ,
|c 2002
|
| 300 |
|
|
|a 116 p. :
|b col. ill. ;
|c 21 cm.
|
| 500 |
0 |
0 |
|a Bibliography: p. 112-113
|
| 650 |
0 |
0 |
|a Parks
|z Perlis
|
| 651 |
0 |
0 |
|a Perlis
|x Guidebooks
|
| 700 |
0 |
1 |
|a Kasim Osman
|
| 700 |
0 |
1 |
|a Rahimatsah Amat
|
| 700 |
0 |
1 |
|a Suksuwan
|h Surin
|
| 998 |
|
|
|a JPSM
|
| 999 |
|
|
|a 0000003622
|b Monograph
|c Open Shelf
|e Default branch
|
| 999 |
|
|
|a 0000003623
|b Monograph
|c Open Shelf
|e Default branch
|
| 999 |
|
|
|a 0000003624
|b Monograph
|c Open Shelf
|e Default branch
|
| 999 |
|
|
|a 0000003625
|b Monograph
|c Open Shelf
|e Default branch
|
| 999 |
|
|
|a 0000003626
|b Monograph
|c Open Shelf
|e Default branch
|
| 999 |
|
|
|a 0000003627
|b Monograph
|c Open Shelf
|e Default branch
|
| 999 |
|
|
|a 0000003628
|b Monograph
|c Open Shelf
|e Default branch
|
| 999 |
|
|
|a 0000003629
|b Monograph
|c Open Shelf
|e Default branch
|
| 999 |
|
|
|a 0000004407
|b Monograph
|c Open Shelf
|e Default branch
|